| 000 | 00359nam a2200145Ia 4500 | ||
|---|---|---|---|
| 008 | 220216s9999 xx 000 0 und d | ||
| 100 | _aSaraswathyamma C K | ||
| 245 | 0 | _aPromising Indian rubber clones | |
| 260 |
_bIndian Rubber Journal _c2004 |
||
| 300 | _a56-57 | ||
| 650 | _aIndia | ||
| 650 | _aRRII 400 series | ||
| 650 | _aRubber clones | ||
| 942 | _cJS | ||
| 999 |
_c65933 _d65933 |
||